LEADER 01728nam 22006615u 450 001 9910158687703321 005 20211006145233.0 010 $a9783318042610 010 $a3318042617 035 $a(CKB)3780000000101937 035 $a(OCoLC)958185664 035 $a(SZ-BaSKA)222818 035 $a(PPN)231358555 035 $a(MiAaPQ)EBC31865582 035 $a(Au-PeEL)EBL31865582 035 $a(EXLCZ)993780000000101937 100 $a20211006d1995 uy 0 101 0 $aeng 135 $aurunu||||| 181 $ctxt$2rdacontent 182 $cc$2rdamedia 183 $acr$2rdacarrier 200 10$aPlants in Human Nutrition / $f editor, A.P. Simopoulos 205 $a1st ed. 210 $aBasel : $cS. Karger, $d1995 215 $a1 online resource (XIV + 160 pages) : $c 26 figures, 65 tables 225 1 $aIssn Series 311 08$a9783805561013 311 08$a3805561016 410 0$aIssn Series 606 $aNutrition 606 $aAnthropology 606 $aBotany 606 $aDietetics 606 $aGeneral Medicine 606 $aHomeopathy 606 $aMetabolism 606 $aPharmacology 606 $aPreventive Medicine 615 14$aNutrition 615 24$aAnthropology 615 24$aBotany 615 24$aDietetics 615 24$aGeneral Medicine 615 24$aHomeopathy 615 24$aMetabolism 615 24$aPharmacology 615 24$aPreventive Medicine 676 $a612.3 s 676 $a613.2 700 $aSimopoulos$b A.P 701 $aSimopoulos$b Artemis P.$f1933-$0765990 801 0$bUKSKG 801 1$bUKSKG 906 $aBOOK 912 $a9910158687703321 996 $aPlants in Human Nutrition$92865821 997 $aUNINA